000 00712nam a22002657a 4500
001 BR6001279
003 BR-BrBNA
005 20230928095520.0
007 ta
008 230509b bl.||||| |||| 00| 0 por d
040 _aBR-BrBNA
_bpor
_cBiblioteca Nacional de Agricultura
041 _a(Por)
072 _aQ02
_b9410
090 _ 9410 BR6001279
100 1 _aRogick, F.A.
110 1 _aSecretaria da Agricultura, Sao Paulo, SP (Brasil). Diretoria de Publicidade Agricola
245 1 _aLatoes para leite
260 3 _aSao Paulo, SP (Brasil):
_c1964.
300 _a8 p.
650 _aLeite
650 _aEmbalagem
650 _aEsterilizacao
909 _a202309
_bLucia
_c55
_dLucia Elande
942 _cBK
999 _c57024
_d57024